000 00695cam a2200193 4500
001 WB3837-02
008 021009n2002 000 0 eng u
035 _a(Sirsi) u120047
245 _aSharp rise in tender prices
260 _c2002
490 _aBCIS Press Release
_vOctober 2002, (2)
520 _aLatest BCIS figures show that price of new construction work rose sharply in Q2 2002 compared with year earlier. Tender prices rose well ahead of inflation. Tender Price Index and Forecast are available from BCIS t +44 (0)20 7695 1501.
590 _aWB
650 _aTENDER PRICES
650 _aCOSTS
650 _aCONSTRUCTION FORECASTS
690 _aBUILT ENVIRONMENT
942 _n0
999 _c71330
_d71330